Every Woman's Survival Manual (Record no. 2553)
[ view plain ]
| 000 -LEADER | |
|---|---|
| fixed length control field | 00528nam a2200169Ia 4500 |
| 005 - DATE AND TIME OF LATEST TRANSACTION | |
| control field | 20241218033740.0 |
| 008 - FIXED-LENGTH DATA ELEMENTS--GENERAL INFORMATION | |
| fixed length control field | 240331s9999 xx 000 0 und d |
| 020 ## - INTERNATIONAL STANDARD BOOK NUMBER | |
| ISBN | 8179922375 |
| 082 ## - DDC Classification | |
| Item Number - Author Mark | ARV |
| DDC Edition Number | 5987 |
| Class No. | 305 |
| 100 ## - MAIN ENTRY--PERSONAL NAME | |
| Personal name | Khaire, A |
| 245 #0 - TITLE STATEMENT | |
| Title | Every Woman's Survival Manual |
| Remainder of title | Transform Your Body Into A Devastating Weapon |
| 250 ## - EDITION STATEMENT | |
| Edition statement | 2nd |
| 260 ## - PUBLICATION, DISTRIBUTION, ETC. | |
| Place of publication, distribution, etc. | Mumbai |
| Name of publisher, distributor, etc. | Jaico Publishing Home |
| Date of publication, distribution, etc. | 2006 |
| 300 ## - PHYSICAL DESCRIPTION | |
| Extent (e.g. Volumes, Pages etc.) | 140 p., |
| 500 ## - GENERAL NOTE | |
| General note | An exclusive guide teaching women how to protect themselves in dangerous situations. |
| 942 ## - Koha item type (Biblio) | |
| Koha item type | Books in Stacks (Lending) |
| Lost status | Damaged status | Collection code | Home library | Current library | Shelving location | Date acquired | Full call number | Accession Number | Item type |
|---|---|---|---|---|---|---|---|---|---|
| Lending | WERC Library | WERC Library | Social Science Cupboard | 03/31/2024 | 305 KHA | 5987 | Books in Stacks (Lending) |
